Quizzes
Events
Quiz Creation
Community
Videos
Private Events
Remove Ads
Sign In
Join for FREE
Feedback
Dark Mode
Quiz Categories
Sports
Geography
Music
Movies
Television
Just For Fun
Miscellaneous
History
Literature
Language
Science
Gaming
Entertainment
Religion
Holiday
For Kids
Quiz Lab
Recent
Popular Today
Quiz Kudos Today
Editor Picks
Curator Picks
Quizzes by...
Day
Popularity
Type
Ratings
Length
Year
Community
Subscriptions
Recent Discussions
Orange Saloon
Badges
Playlists
Quests
Create
Leaderboards
Showdown
Live 5
Trivia Bingo
Activity
Puzzle Library
Sporcle Events
Private Events
Virtual Trivia
Globe League
Become a Host
Pub Owners
SporcleCon
Opinionation
Our Games
Videos
Blog
Mobile Apps
Partnerships
Remove Ads and Go Orange
Feedback
Religion
Mythology
Religious Music
World Religions
Bible
Christianity
Catholicism
Judaism
Church
Scripture
Islam
Verse
Religion
Mythology
Religious Music
World Religions
Bible
Christianity
Catholicism
Judaism
Church
Scripture
Islam
Verse
Random Quiz
Search Sporcle
×
Quiz Lab
Quiz Lab
Religion
Clickable
Select answers by clicking on text or image buttons
Select answers by clicking on text or image buttons
Clickable
Best Score? Go Orange.
Political and Religious Parties of the NT Stats
Can you name the Political and Religious Parties of the NT
By
honghut1
5m
22 Questions
343 Plays
343 Plays
343 Plays
Comments
Comments
Give Quiz Kudos
Give Quiz Kudos
-
- Ratings
hide this ad
Forced Order
Answers have to be entered in order
Answers have to be entered in order
Random Order
Randomize order of answers
Randomize order of answers
Replay
Link that replays current quiz
Next Quiz
Link to next quiz in quiz playlist
You Got
0%
They Got
Avg Score
61%
Avg Friend Score
Upgrade to see
Score Distribution
Jump to the score distribution portion of the page
Score
0/22
Timer
05:00
0
Plays Today
% Correct
Pharisees
68.2%
Pharisees
67.9%
Pharisees
66.8%
Pharisees
65.9%
Pharisees
65%
Pharisees
64.7%
Pharisees
64.4%
Sadducees
64.1%
Zealots
63.8%
Herodians
63.8%
Pharisees
63.3%
% Correct
Sadducees
63.3%
Sadducees
62.7%
Zealots
62.7%
Sadducees
62.1%
Zealots
62.1%
Zealots
62.1%
Sadducees
61.8%
Sadducees
60.9%
Herodians
60.6%
Herodians
60.3%
Herodians
58.6%
Quiz Playlist
Details
Report
Send in Message
Add To Playlist
Clickable:
Select answers by clicking on text or image buttons
Forced Order:
Answers have to be entered in order
Random Order:
Randomize order of answers
Last Updated: Feb 16, 2017
Quiz Scoreboard
CHALLENGE
Sign Up to Join the Scoreboard
Show All
Scores
Hide
Comments
May contain spoilers
Recently Published
Click the 1999 NBA Draft
by nibperrychub
Sports
2m
Alphabetical 'K' Countries by Flag Minefield
by ylime102
Geography
3m
Pick 6: Fruits
by JohnFran
Miscellaneous
15s
More to Explore
Quiz From the Vault
Featured Blog Post
15 Basketball Trivia Facts You Can Be March Mad About
hide this ad
You Might Also Like...
Tags
Clickable Quiz
Politics Quiz
Party
Today's Top Quizzes in Religion
Browse Religion
hide this ad
Today's Top Quizzes in Clickable
Browse Clickable
Top Contributed Quizzes in Religion
1
Bible Bunker: Genesis
2
Follow That Line: Easter Verses
3
Bible Bunker: Exodus
4
Quick Pick: Continental Religions
5
Get the Picture: Seasonal Deities
6
Word Ladder: Mythological Mothers
7
Mythology in Media: Jesus
8
What do you know about Nowruz?
9
Word Ladder: Holy Books
10
Criteria Quickie: Biblical Names
Explore More
Trending Topics
Crossword
Harry Potter
NBA
Marvel
Disney
Kpop
Anime
Soccer
Pokémon
NFL
Song
WWE
The Office
Puzzle
Country
hide this ad
More By:
honghut1
Quiz
Plays
Rating
Category
Featured
Created
Characteristics of the Four Gospels
2,518
3.93
Religion
Mar 5, 2014
Books of the New Testament
714
5.00
Religion
Feb 2, 2016
7 Empires
626
2.33
Religion
Mar 4, 2015
Significance of the Tabernacle
567
4.50
Religion
Dec 9, 2014
Political and Religious Parties of the NT
343
3.00
Religion
Mar 6, 2014
Go to Creator's Profile
Score Distribution
Quiz Creator Spotlight
honghut1
Follow
Send a Message
Quizzes Created
-
Created Quiz Play Count
-
More By This Creator
Popular Quizzes Today
1
Countries of Asia Without Outlines Minefield
2
Find the US States - No Outlines Minefield
3
Pick 6: Fruits
4
Alphabetical 'K' Countries by Flag Minefield
5
The Countries of the World
6
Find the Countries of Europe - No Outlines Minefield
7
Find the US States
8
US States
More Religion Quizzes
The Big Board: Greek Mythology
Published
Trending Quizzes
Pick 6: Mountains
Pick 6: Harry Potter
Pick 6: Flags
Pick 6: NFL Teams
Pick 6: Movie Franchises
Recently Updated
NWSL Teams
pecheneg
Women's Final Four Teams by Year
bhenderson79
Presidents Quartet II
eogle
Anything But Clue(do)
eogle
Anything But Oceanian Capitals
eogle
Anything But 7
eogle
Anything But Thing
eogle
Word Ladder: February 29
pecheneg
Song Title Questions
pecheneg
Women's NCAA Tournament #1 Seeds
pecheneg
Trending Topics
NBA
Harry Potter
Disney
Marvel
Anime
Crossword
Kpop
The Office
Song
Puzzle
WWE
Pokémon
NFL
Country
Soccer
Your Account Isn't Verified!
In order to create a playlist on Sporcle, you need to verify the email address you used during registration. Go to your
Sporcle Settings
to finish the process.
Report this User
Report this user for behavior that violates our
Community Guidelines
.
Details:
Send Report
Go to the Sporcle.com Mobile Site →
Comments